03745nam a22003137a 450000500170000000800410001702000150005804000070007304100080008008200180008810000310010610000280013724500260016525000060019126000440019730000280024136500350026952026790030465000500298365000250303365000280305865000510308665000460313770000330318370000300321694200120324699900190325895201540327720230609144320.0230609b ||||| |||| 00| 0 eng d a0199456550 cAL aeng 223a331bRATI aC S Venkata Ratnam9123361 dManoranjan Dhal9123356 aIndustrial Relations  a2 aNew DelhibOxford University Newsc2018 axiv,592p.bPBc24x18cm. 2Economicsb675.00c₹d675.00 aPraise for the First EditionPrescribed read for those at both ends of IR! – The Hindu Business LineDescriptionThe second edition of the well-accepted title Industrial Relations continues to provide a comprehensive coverage of the various aspects of industrial relations: conceptual foundations, institutional structure and policy framework, role of the government and trade unions.The book introduces readers to the various approaches to industrial relations and goes on to discuss trade unions, collective bargaining and tripartism. It goes on to highlight the importance of dispute resolution, labour administration, grievance handling and the management of industrial relations. Key Features•A comprehensive title that integrates all aspects of industrial relations•Includes case studies and exhibits to illustrate the theory discussed in the chaptersNew to This Edition•Sections on the crisis in industrial relations, emerging dynamics in industrial relations, origin of trade unions and developments during post-recession era, international trade unions, detailed coverage on Employee Compensation Act, 1923, Employees’ State Insurance (ESI) Act, 1948, Factories Act, 1948, Kerala Recognition of Trade Union Act, 2010, Indian Labour Conference, minimum wages and more•Updated and revised data and latest amendment to labour laws•Additional sections on labour laws in the online resource centreOnline ResourcesStudents• Flashcard glossary• Bonus chapters• New sections on labour lawsInstructors• Lecture PPTs• Bonus chapters• New sections on labour laws• Multiple choice questionsTable of ContentsPreface to the Second Edition Preface to the First Edition 1. Economy and the Labour Force in India 2. Approaches to Industrial Relations 3. Industrial Relations in a Comparative Framework 4. Management and Employers’ Organizations 5. Trade Unions—Theoretical Foundations and Legal Framework6. Trade Union Structures 7. Management of Trade Unions in India 8. Collective Bargaining 9. Tripartism and Social Dialogue 10. The Role of Government in Industrial Relations 11. The Contract of Employment 12. Public Policy and Wage and Reward Systems 13. Working Conditions, Safety, Health and Environment 14. Dispute Resolution and Industrial Harmony 15. Labour Administration 16. Social Security 17. Issues in Labour Policy and Labour Law Reform 18. Employee Participation and Labour–Management Cooperation 19. Grievances and Discipline Handling 20. Employment Security and Management of Redundancies 21. Technological Change and Industrial Relations 22. Management of Industrial Relations 23. Human Resource Management and Industrial Relations. aEconomy and the Labour Force in India9123357 aTrade Unions9123362 aSocial Security9123363 aManagement and Employers Organizations9123364 aResoultion and Industrial Harmony9123365 aRATNAM (C S Venkata)9123359 aDHAL (Manoranjan)9123360 2ddccDB c227474d227474 00102ddc40708ECOaALbALd2023-06-07l1o331 RATIpD05718r2024-08-05 00:00:00s2024-07-25v675.00w2023-06-09yDBzDonated by Tanisha Arouza Pai